[Event "Perm op 08-B"]
[Site "Perm"]
[Date "2007.08.17"]
[Round "3"]
[White "Tsapalin, Sergey"]
[Black "Shilov, Boris"]
[Result "0-1"]
[WhiteElo "1815"]
[BlackElo "2025"]
[PlyCount "28"]
[EventDate "2007.08.15"]
[EventType "swiss"]
[EventRounds "7"]
[EventCountry "RUS"]
[SourceTitle "EXT 2022"]
[Source "ChessBase"]
[SourceDate "2021.10.06"]
[SourceVersion "1"]
[SourceVersionDate "2021.10.06"]
[SourceQuality "1"]

1. e4 e5 2. Nf3 Nc6 3. Bc4 Nf6 4. Ng5 Bc5 5. Nxf7 Qe7 6. Nxh8 Bxf2+ 7. Kf1 d5 8. Qf3 Bb6 9. Bxd5 Nd4 10. Qc3 Nxd5 11. exd5 Qf6+ 12. Ke1 Nxc2+ 13. Qxc2 Qf2+ 14. Kd1 Bg4# 0-1

[Event "Perm op 06-B"]
[Site "Perm"]
[Date "2007.06.28"]
[Round "8"]
[White "Shilov, Boris"]
[Black "Shalynykh, Viktor"]
[Result "1-0"]
[WhiteElo "1980"]
[BlackElo "2039"]
[PlyCount "61"]
[EventDate "2007.06.20"]
[EventType "swiss"]
[EventRounds "8"]
[EventCountry "RUS"]
[SourceTitle "EXT 2022"]
[Source "ChessBase"]
[SourceDate "2021.10.06"]
[SourceVersion "1"]
[SourceVersionDate "2021.10.06"]
[SourceQuality "1"]

1. e4 d6 2. d4 Nf6 3. Nc3 Nbd7 4. f4 e6 5. e5 Nd5 6. Nxd5 exd5 7. Be3 dxe5 8. fxe5 Be7 9. Nf3 c6 10. Bd3 Qb6 11. Qb1 Nf8 12. c3 Bg4 13. 0-0 Ng6 14. b4 a5 15. a3 axb4 16. axb4 Rxa1 17. Qxa1 0-0 18. h3 Bd7 19. Qb2 Re8 20. Qc2 Bd8 21. Qf2 Be6 22. h4 Qc7 23. Ra1 b6 24. h5 Nf8 25. Ra8 Qd7 26. h6 Qb7 27. Rxd8 Rxd8 28. Qh4 Re8 29. hxg7 Ng6 30. Qh6 f5 31. exf6 1-0

[Event "Perm op 06-B"]
[Site "Perm"]
[Date "2007.06.23"]
[Round "4"]
[White "Shilov, Boris"]
[Black "Davydov, Stepan"]
[Result "0-1"]
[WhiteElo "1980"]
[BlackElo "2022"]
[PlyCount "96"]
[EventDate "2007.06.20"]
[EventType "swiss"]
[EventRounds "8"]
[EventCountry "RUS"]
[SourceTitle "EXT 2022"]
[Source "ChessBase"]
[SourceDate "2021.10.06"]
[SourceVersion "1"]
[SourceVersionDate "2021.10.06"]
[SourceQuality "1"]

1. e4 c5 2. Nc3 Nc6 3. g3 g6 4. Bg2 Bg7 5. d3 d6 6. Nge2 e6 7. Be3 Nge7 8. 0-0 0-0 9. Qd2 Nd4 10. Nd1 Bd7 11. c3 Nxe2+ 12. Qxe2 Bc6 13. f4 d5 14. Bxc5 Re8 15. Nf2 Qc7 16. Be3 a6 17. Rfd1 Rad8 18. Rac1 Qa5 19. a3 Ba4 20. Re1 Bc6 21. e5 Nf5 22. d4 Qb6 23. Qd2 Bb5 24. Ng4 h5 25. Nf6+ Bxf6 26. exf6 Rc8 27. Bh3 Nd6 28. Bg2 Qd8 29. h3 Qxf6 30. Kh2 Qd8 31. Qf2 Qb6 32. g4 hxg4 33. hxg4 Kg7 34. Rh1 Bd3 35. Kg3 Be4 36. f5 exf5 37. Rh3 Rh8 38. Rch1 Bxg2 39. Kxg2 Rxh3 40. Rxh3 Rh8 41. Rxh8 Kxh8 42. Bf4 Ne4 43. Qh4+ Kg8 44. b4 fxg4 45. Qxg4 Qe6 46. Qxe6 fxe6 47. c4 dxc4 48. Kf3 Nc3 0-1

[Event "Perm Elo op-B"]
[Site "Perm"]
[Date "2007.05.03"]
[Round "5"]
[White "Kashin, Yury"]
[Black "Shilov, Boris"]
[Result "1/2-1/2"]
[WhiteElo "2033"]
[BlackElo "2003"]
[PlyCount "34"]
[EventDate "2007.04.25"]
[EventType "swiss"]
[EventRounds "9"]
[EventCountry "RUS"]
[SourceTitle "EXT 2010"]
[Source "ChessBase"]
[SourceDate "2010.11.25"]
[SourceVersion "1"]
[SourceVersionDate "2010.11.25"]
[SourceQuality "1"]

1. e4 e5 2. Bc4 Nf6 3. d3 d6 4. f4 Bg4 5. Nf3 exf4 6. Bxf4 Nbd7 7. 0-0 Be7 8. Nbd2 Ne5 9. Bxe5 Bxf3 10. Nxf3 dxe5 11. Kh1 Bd6 12. c3 0-0 13. d4 Ng4 14. Qe1 Qe7 15. Rd1 Rae8 16. h3 Nf6 17. dxe5 Bxe5 1/2-1/2

[Event "Perm Elo op-B"]
[Site "Perm"]
[Date "2007.04.27"]
[Round "3"]
[White "Kohanov, Boris"]
[Black "Shilov, Boris"]
[Result "1-0"]
[WhiteElo "2028"]
[BlackElo "2003"]
[PlyCount "79"]
[EventDate "2007.04.25"]
[EventType "swiss"]
[EventRounds "9"]
[EventCountry "RUS"]
[SourceTitle "EXT 2010"]
[Source "ChessBase"]
[SourceDate "2010.11.25"]
[SourceVersion "1"]
[SourceVersionDate "2010.11.25"]
[SourceQuality "1"]

1. e4 e5 2. Nf3 Nf6 3. d4 Nxe4 4. dxe5 d5 5. Bd3 Nc5 6. 0-0 Be7 7. Be3 0-0 8. c3 Nxd3 9. Qxd3 Be6 10. Nd4 Nd7 11. f4 c5 12. Nf3 g6 13. Na3 c4 14. Qd2 Nc5 15. Nc2 Ne4 16. Qe2 Qd7 17. Ncd4 b6 18. Qc2 Bc5 19. Nd2 Bxd4 20. Bxd4 Bf5 21. Nxe4 Bxe4 22. Qf2 h5 23. Rfe1 Rfe8 24. Rad1 Bf5 25. h3 Be6 26. Rd2 Kh7 27. Re3 Rh8 28. Rg3 Kg8 29. Rg5 Rh7 30. Re2 h4 31. Qe3 Re8 32. Rf2 Rd8 33. Qc1 Qa4 34. Qb1 Qd7 35. b3 Bf5 36. Qc1 Rc8 37. Qa3 Qc7 38. Qa6 Qd7 39. Rd2 Bd3 40. b4 1-0

[Event "Perm op 01-A"]
[Site "Perm"]
[Date "2007.01.12"]
[Round "7"]
[White "Shilov, Boris"]
[Black "Davydov, Stepan"]
[Result "0-1"]
[WhiteElo "2003"]
[BlackElo "2013"]
[PlyCount "34"]
[EventDate "2007.01.05"]
[EventType "swiss"]
[EventRounds "9"]
[EventCountry "RUS"]
[SourceTitle "EXT 2008"]
[Source "ChessBase"]
[SourceDate "2007.11.25"]
[SourceVersion "1"]
[SourceVersionDate "2007.11.25"]
[SourceQuality "1"]

1. e4 e6 2. d4 d5 3. exd5 exd5 4. c4 Nf6 5. Nc3 c6 6. Bg5 Be7 7. Nf3 Bg4 8. Be2 dxc4 9. Bxc4 Bxf3 10. Qxf3 Qxd4 11. Bd3 Nbd7 12. 0-0 Ne5 13. Qe2 Nxd3 14. Bxf6 gxf6 15. Rad1 Rd8 16. Rfe1 Qe5 17. Qxe5 Nxe5 0-1

[Event "Perm AVGRT op"]
[Site "Perm"]
[Date "2006.08.04"]
[Round "2"]
[White "Davydov, Stepan"]
[Black "Shilov, Boris"]
[Result "1/2-1/2"]
[WhiteElo "1962"]
[BlackElo "2028"]
[PlyCount "38"]
[EventDate "2006.08.03"]
[EventType "swiss"]
[EventRounds "9"]
[EventCountry "RUS"]
[SourceTitle "EXT 2008"]
[Source "ChessBase"]
[SourceDate "2007.11.25"]
[SourceVersion "1"]
[SourceVersionDate "2007.11.25"]
[SourceQuality "1"]

1. e4 e5 2. Nf3 Nf6 3. Nxe5 d6 4. Nf3 Nxe4 5. d4 d5 6. Bd3 Bg4 7. 0-0 Be7 8. c4 Nf6 9. Nc3 Nc6 10. cxd5 Nb4 11. Bc4 0-0 12. Bg5 Nbxd5 13. Nxd5 Nxd5 14. Bxe7 Nxe7 15. d5 c6 16. dxc6 Qxd1 17. Raxd1 Bxf3 18. gxf3 Nxc6 19. Bd5 Rfd8 1/2-1/2